00362 a2200109 450000100060000008200120000610000790001824500960009726000270019330000090022050000230022991972 aPR 1754 aFarrukh Parvez; Omair uddin and Asad Habib Khan; Prof Kashif Butt, Advisor aDesign Fabrication and Testing of RF/Microwave Power Amplifiers (0.8 to 2.1 GHZ)n66 "B" EC aRawalpindibNUSTc2009 a144p aBE Project Reports